ბათუმის შოთა რუსთაველის სახელმწიფო უნივერსიტეტის ბიბლიოთეკა

ენგურის პირას (ბიბ.ჩანაწერი № 43071)

000 -LEADER
fixed length control field 00735nam a2200229Ia 4500
001 - CONTROL NUMBER
control field 9791
003 - CONTROL NUMBER IDENTIFIER
control field GE_BSU
008 - FIXED-LENGTH DATA ELEMENTS--GENERAL INFORMATION
fixed length control field 181216s||||||||xx |||||||||||||| ||und||
040 ## - CATALOGING SOURCE
Transcribing agency GE_BSU
080 ## - UNIVERSAL DECIMAL CLASSIFICATION NUMBER
Universal Decimal Classification number 821.353.1–32
100 ## - MAIN ENTRY--PERSONAL NAME
Personal name ნაყოფია,ზურაბ
245 ## - TITLE STATEMENT
Title ენგურის პირას
245 ## - TITLE STATEMENT
Remainder of title მოთხრობები
245 ## - TITLE STATEMENT
Statement of responsibility, etc. რედ. ლ.დადიანი.მხატვ.ჭ.კუკულაძე
260 ## - PUBLICATION, DISTRIBUTION, ETC.
Place of publication, distribution, etc. სოხუმი
260 ## - PUBLICATION, DISTRIBUTION, ETC.
Name of publisher, distributor, etc. აფხაზეთის სახელგამი
260 ## - PUBLICATION, DISTRIBUTION, ETC.
Date of publication, distribution, etc. 1954
300 ## - PHYSICAL DESCRIPTION
Extent 117გვ.19სმ.
653 ## - INDEX TERM--UNCONTROLLED
Uncontrolled term ენგურის პირას
653 ## - INDEX TERM--UNCONTROLLED
Uncontrolled term მოთხრობები
942 ## - ADDED ENTRY ELEMENTS (KOHA)
Koha item type წიგნი
ეგზემპლარები
Withdrawn status Lost status Damaged status Not for loan Date acquired Barcode Date last seen Price effective from Koha item type
        2018-12-17 32818 2018-12-17 2018-12-17 წიგნი
        2018-12-17 32819 2018-12-17 2018-12-17 წიგნი
        2018-12-17 32820 2018-12-17 2018-12-17 წიგნი